Norway (Record no. 76874)

MARC details
000 -LEADER
fixed length control field 00923cab a2200193 4500
001 - CONTROL NUMBER
control field ##L133220
008 - FIXED-LENGTH DATA ELEMENTS--GENERAL INFORMATION
fixed length control field 060420n2006 000 0 eng u
035 ## - SYSTEM CONTROL NUMBER
System control number (Sirsi) u133220
041 0# - LANGUAGE CODE
Language code of text/sound track or separate title eng
100 1# - MAIN ENTRY--PERSONAL NAME
Personal name Kempli, Morton
245 00 - TITLE STATEMENT
Title Norway
Remainder of title undiscovered property market
260 ## - PUBLICATION, DISTRIBUTION, ETC.
Date of publication, distribution, etc. 2006
490 #0 - SERIES STATEMENT
Series statement Property Forecast
Volume/sequential designation 9(3) March 2006, 14-16(3)
520 ## - SUMMARY, ETC.
Summary, etc. In previous years, the Norwegian property market has been largely overlooked by foreign investors, despite strong returns and low correlation to other markets. This possibly due to the fact that Norway is a small country and it is outside any pure EU or EU mandate. However, international investors are now discovering the potential of the Norwegian property market and are now on the verge of doing business in both commercial and residential areas.
590 ## - LOCAL NOTE (RLIN)
Local note IKA250406
650 24 - SUBJECT ADDED ENTRY--TOPICAL TERM
Topical term or geographic name entry element NORWAY
690 ## - LOCAL SUBJECT ADDED ENTRY--TOPICAL TERM (OCLC, RLIN)
Topical term or geographic name as entry element PROPERTY-PROPERTY MARKET
942 ## - ADDED ENTRY ELEMENTS (KOHA)
Suppress in OPAC 0
Holdings
Withdrawn status Lost status Source of classification or shelving scheme Damaged status Not for loan Home library Current library Shelving location Date acquired Total Checkouts Full call number Barcode Date last seen Copy number Price effective from Koha item type
    Dewey Decimal Classification     London London Journal article 20/04/2006   L133220 133220-1001 06/08/2019 1 06/08/2019 Journal article